| 000 | 01171nab a22002297a 4500 | ||
|---|---|---|---|
| 999 |
_c6066 _d6066 |
||
| 003 | OSt | ||
| 005 | 20260121003439.0 | ||
| 008 | 190514b xxu||||| |||| 00| 0 spa d | ||
| 040 | _cPJ | ||
| 100 |
_96843 _aFreidemberg, Valeria D. |
||
| 245 | 1 | 0 |
_aHerramientas jurídicas para garantizar la eficacia del derecho alimentario. La incesante búsqueda por dotar de efectividad el derecho humano a los alimentos / _cValeria D. Freidemberg. |
| 300 | _ap. 88-97 | ||
| 500 | _aCita: TR LALEY AR/DOC/982/2024. | ||
| 505 | _aSumario: I. Introducción.— II. El fallo.— III. Análisis del caso.— IV. Herramientas jurídicas frente al incumplimiento alimentario.— V. Reflexiones finales. | ||
| 505 | _tFallo comentado: JPaz, Daireaux ~ 28/11/2023 ~ A., C. L. c. P., E. D. s/ incidente de alimentos / aumento de cuota alimentaria. | ||
| 650 | 0 |
_9967 _aDERECHO DE FAMILIA |
|
| 650 | 0 |
_9968 _aALIMENTOS |
|
| 650 | 0 |
_9614 _aDERECHOS HUMANOS |
|
| 650 | 0 |
_91057 _aJURISPRUDENCIA APLICABLE |
|
| 773 | 0 |
_02844 _93222 _dBuenos Aires : AbeledoPerrot, 1989- _tDerecho de familia. Revista Interdisciplinaria de doctrina y jurisprudencia. Junio 2024-III. _z18511201 |
|
| 942 |
_2udc _cANA |
||